Kohlbergova teória vývoja morálnych úsudkov

Kognitívno-vývojové východiská Kohlbergovej teórie. Rôzne stupne morálneho usudzovania podľa Kohlberga. Prekonvencionálna, konvencionálna, postkonvencionálna úroveň. Vnútri každej úrovne sa nachádzajú dva stupne. Základné postuláty Kohlbergovej teórie morálneho vývoja.

Salvato in:
Dettagli Bibliografici
Autore principale: Remišová, Anna
Natura: Capitolo di libro
Lingua:slovacco
Soggetti:
Tags: Aggiungi Tag
Nessun Tag, puoi essere il primo ad aggiungerne!!

MARC

LEADER 00000naa a2200000 4500
001 r023086
005 20230925101248.3
041 0 |a slo 
044 |a SK 
245 1 0 |a Kohlbergova teória vývoja morálnych úsudkov  |c Anna Remišová 
520 |a Kognitívno-vývojové východiská Kohlbergovej teórie. Rôzne stupne morálneho usudzovania podľa Kohlberga. Prekonvencionálna, konvencionálna, postkonvencionálna úroveň. Vnútri každej úrovne sa nachádzajú dva stupne. Základné postuláty Kohlbergovej teórie morálneho vývoja. 
610 2 0 |a Kohlberg, L. 
610 2 0 |a morálka 
610 2 0 |a normy sociálne 
610 2 0 |a etika 
100 1 |a Remišová, Anna